Statistics for Countries and capitals with the same first letter

Click here to take the quiz!

General Stats

  • This quiz has been taken 52 times
  • The average score is 39 of 58

Answer Stats

Country% Correct
Luxembourg
89%
Luxembourg
89%
Mexico
89%
Brazil
86%
Guatemala
86%
Algeria
83%
Andorra
83%
Panama
83%
Belgium
80%
Brasilia
80%
Mexico City
80%
Andorra La Vella
77%
Guatemala City
77%
Kuwait
77%
Monaco
77%
Monaco
77%
Panama City
77%
Singapore
77%
Singapore
77%
Sweden
77%
Algiers
74%
Brussels
74%
Stockholm
74%
Belize
71%
Guyana
71%
Kuwait City
71%
Tunis
71%
Vatican City
71%
Vatican City
71%
Barbados
69%
Belmopan
66%
Djibouti
66%
Djibouti
66%
San Marino
66%
San Marino
66%
South Korea
66%
Tunisia
66%
Georgetown
63%
Mozambique
63%
Seoul
63%
Brunei
60%
Bridgetown
57%
Maputo
57%
Maldives
54%
Male
54%
Niger
54%
Sri Lanka
54%
Taipei
54%
Taiwan
54%
Niamey
51%
Papua New Guinea
51%
Port Moresby
49%
Sao Tome
49%
Marshall Islands
46%
Sao Tome and Principe
46%
Majuro
43%
Bandar Seri Begawan
37%
Sri Jayawardenepura Kotte
31%

Score Distribution

Percentile by Number Answered

Percent of People with Each Score

Your Score History

You have not taken this quiz